000 00324nam a2200133Ia 4500
008 230312s9999||||xx |||||||||||||| ||und||
020 _a978-0170245562
082 _a658.15
_bDES-A
100 _aDesai;Rashid
245 0 _aAnalysis of Financial Statement Information
300 _a421
650 _aManagement
942 _cBK
999 _c14770
_d14770